[Event "ESP-ch Rapid 2018"]
[Site "Linares"]
[Date "2018.08.19"]
[Round "8"]
[White "Sande Edreira, Jose Antonio"]
[Black "Huerga Leache, Mikel"]
[Result "1/2-1/2"]
[WhiteElo "2230"]
[BlackElo "2451"]
[Annotator "TA"]
[PlyCount "97"]
[EventDate "2018.08.19"]
[EventType "team-tourn"]
[EventCountry "ESP"]
[SourceTitle "playchess.com"]
[Source "ChessBase"]
[SourceQuality "1"]

{[%evp 13,97,10,33,31,39,34,58,52,60,64,61,50,75,63,60,70,72,43,65,20,24,10,22,21,17,16,29,12,45,8,37,13,13,3,14,14,92,93,91,93,493,490,468,442,477,444,395,269,268,268,270,263,268,268,498,490,554,489,526,394,356,263,234,193,181,48,194,190,189,175,272,243,390,449,451,474,445,248,234,0,436,0,232,0,396,0]} 1. c4 e5 2. g3 Nf6 3. Bg2 c6 4. d4 Bb4+ 5. Bd2 Bxd2+ 6. Qxd2 d6 {A20: Englische Eröffnung} 7. Nc3 Be6 {LiveBook: 4 Partien} (7... O-O 8. e3 Be6 9. Rd1 Na6 10. b3 exd4 11. Qxd4 Nb4 12. Qd2 Bf5 13. e4 Re8 14. Nge2 Nxe4 15. Nxe4 Bxe4 16. Bxe4 Rxe4 17. Qxb4 {½-½ (31) Mamedyarov,S (2764)-Radjabov,T (2726) Baku 2014 CBM 163 [Marin,M]}) 8. Rd1 {Und weiter mit dxe5 wäre nett.} exd4 {Weiß steht etwas besser.} 9. Qxd4 O-O 10. Nh3 Qb6 11. b3 $146 ({Vorgänger:} 11. Qxb6 axb6 12. b3 Rd8 13. Nf4 Na6 14. O-O {½-½ (28) Stone,A (2203)-Moan,F (1853) London 2012}) 11... Rd8 12. Nf4 Qxd4 13. Rxd4 Kf8 14. O-O Ke7 15. Rfd1 (15. e4 {keeps more tension.} g5 16. Nfe2 g4 17. Rfd1 Na6 18. R4d2) 15... Na6 16. Ne4 (16. e3 {with more complications.} g5 17. Nfe2 Nc7 18. R4d2 d5 19. Nd4) 16... Nxe4 17. Bxe4 g6 18. h4 Nc5 19. Bc2 a5 20. Kg2 Ra6 21. h5 Raa8 22. hxg6 hxg6 23. e3 Na6 24. Rh1 $36 {[%mdl 2048] Weiss will Th7 spielen. Weiss drückt.} Rh8 (24... Nc5 $1 $11 {hält das Gleichgewicht.}) 25. Rxh8 $16 Rxh8 {[#]} 26. Bxg6 $1 {[%mdl 512]} fxg6 $4 {[%mdl 8192]} (26... a4 $16 {ist eine bessere Chance.}) 27. Nxg6+ $18 Kf6 28. Nxh8 {[%mdl 4096] Endspiel KTS-KLS} d5 29. Rh4 dxc4 {zielt auf ...c3 ab.} 30. bxc4 Kg7 31. Kf3 b5 32. cxb5 cxb5 33. Rh5 $1 {[%cal Rh5b5]} Nc7 $2 (33... Bc4 34. Ke4 Nb4) 34. Rc5 Nd5 35. Rxb5 a4 36. Ra5 Nc3 37. Ra6 Bxa2 38. Ng6 Bc4 39. Rb6 ({Lieber} 39. Ra5 $18 Kxg6 40. e4) 39... a3 (39... Be2+ $14 40. Kg2 a3) 40. Nf4 $1 a2 41. Rb7+ Kf6 (41... Kf8 $142 42. Ra7 Bb3) 42. Ra7 Bb5 (42... Ke5 $142 43. e4 Kd4) 43. Ra3 Bc4 44. e4 (44. Rxc3 a1=Q $18) 44... Ke5 {Falls Schwarz jetzt zu ...Kd4 käme, bestünde noch etwas Hoffnung.} 45. Ke3 ({Nicht} 45. Rxc3 a1=Q $18) (45. Nd5 $142 Nxe4 46. Nb4) 45... Nd1+ {[#]} 46. Kf3 $2 (46. Kd2 $1 {[%cal Rd2d1]} Nxf2 47. Kc3) 46... Nc3 $1 47. Ke3 (47. Rxc3 a1=Q $18) (47. Nd5 $142 Nxe4 48. Nb4) 47... Nd1+ {[#]} 48. Kf3 $2 (48. Kd2 $1 {[%cal Rd2d1]} Nxf2 49. Kc3) 48... Nc3 $1 49. Ke3 $2 {Precision: Weiß = 57%, Schwarz = 34%.} ({Schwächer ist} 49. Rxc3 a1=Q $18) (49. Nd5 $18 Nxe4 50. Nb4) 1/2-1/2

[Event "ESP-ch Rapid 2018"]
[Site "Linares"]
[Date "2018.08.19"]
[Round "8"]
[White "Beltran De Heredia E, Miguel"]
[Black "Izquierdo Puertas, Carlos"]
[Result "1-0"]
[WhiteElo "2229"]
[BlackElo "2010"]
[Annotator "NA"]
[PlyCount "101"]
[EventDate "2018.08.19"]
[EventType "team-tourn"]
[EventCountry "ESP"]
[SourceTitle "playchess.com"]
[Source "ChessBase"]
[SourceQuality "1"]
[TimeControl "900+5"]

1. e4 {[%emt 0:00:00]} c5 {[%emt 0:00:00]} 2. Nf3 {[%emt 0:00:00]} Nc6 {[%emt 0:00:00]} 3. Nc3 {[%emt 0:00:00]} g6 {[%emt 0:00:01]} 4. d4 {[%emt 0:00:02]} cxd4 {[%emt 0:00:01]} 5. Nxd4 {[%emt 0:00:01]} Bg7 {[%emt 0:00:01]} 6. Be3 {[%emt 0:00:02]} Nf6 {[%emt 0:00:01]} 7. Bc4 {[%emt 0:00:02]} O-O {[%emt 0:00:01]} 8. Bb3 {[%emt 0:00:02]} d6 {[%emt 0:00:09]} 9. f3 {[%emt 0:00:03]} Nxd4 {[%emt 0:00:42]} 10. Bxd4 {[%emt 0:00:03]} Be6 {[%emt 0:00:02]} 11. Nd5 {[%emt 0:01:51]} Nxd5 {[%emt 0:00:56]} 12. exd5 {[%emt 0:00:08]} Qa5+ {[%emt 0:00:29]} 13. c3 {[%emt 0:00:24]} Bd7 {[%emt 0:01:50]} 14. Bxg7 {[%emt 0:00:03]} Kxg7 {[%emt 0:00:02]} 15. Qd4+ {[%emt 0:00:11]} Kg8 {[%emt 0:00:12]} 16. O-O-O {[%emt 0:01:08]} Rac8 {[%emt 0:00:24]} 17. g4 {[%emt 0:00:38]} b5 {[%emt 0:00:04]} 18. Kb1 {[%emt 0:00:09]} Rb8 {[%emt 0:01:45]} 19. h4 {[%emt 0:00:24]} b4 {[%emt 0:00:07]} 20. h5 {[%emt 0:00:49]} g5 {[%emt 0:00:56]} 21. c4 {[%emt 0:00:13]} Ba4 {[%emt 0:00:40]} 22. Qe3 {[%emt 0:00:40]} f6 {[%emt 0:00:36]} 23. Qxe7 {[%emt 0:00:31]} Bxb3 {[%emt 0:00:15]} 24. axb3 {[%emt 0:00:01]} Qc5 {[%emt 0:00:42]} 25. Rhe1 {[%emt 0:00:50]} Rf7 {[%emt 0:00:09]} 26. Qe6 {[%emt 0:00:32]} a5 {[%emt 0:00:10]} 27. Rd2 {[%emt 0:00:32]} a4 {[%emt 0:00:10]} 28. bxa4 {[%emt 0:00:45]} b3 {[%emt 0:00:02]} 29. Rde2 {[%emt 0:00:17]} Qxc4 {[%emt 0:01:31]} 30. Qxd6 {[%emt 0:00:15]} Qd3+ {[%emt 0:00:35]} 31. Ka1 {[%emt 0:00:34]} Ra8 {[%emt 0:01:06]} 32. Re8+ {[%emt 0:01:02]} Rxe8 {[%emt 0:00:01]} 33. Rxe8+ {[%emt 0:00:12]} Kg7 {[%emt 0:00:00]} 34. Re1 {[%emt 0:00:51]} Qd2 {[%emt 0:01:05]} 35. h6+ {[%emt 0:01:37]} Kg6 {[%emt 0:00:35]} 36. Qe6 {[%emt 0:00:15]} Qc2 {[%emt 0:01:16]} 37. d6 {[%emt 0:00:34]} Ra7 {[%emt 0:00:35]} 38. Qe4+ {[%emt 0:00:22]} Qxe4 {[%emt 0:00:53]} 39. Rxe4 {[%emt 0:00:02]} f5 {[%emt 0:00:02]} 40. Rd4 {[%emt 0:00:19]} Rd7 {[%emt 0:00:07]} 41. a5 {[%emt 0:00:05]} fxg4 {[%emt 0:00:03]} 42. fxg4 {[%emt 0:00:03]} Kf6 {[%emt 0:00:03]} 43. Kb1 Ke5 44. Rd1 {[%emt 0:00:19]} Rxd6 {[%emt 0:00:05]} 45. Rxd6 {[%emt 0:00:09]} Kxd6 {[%emt 0:00:01]} 46. Kc1 {[%emt 0:00:01]} Kc5 {[%emt 0:00:03]} 47. Kd2 {[%emt 0:00:01]} Kb5 {[%emt 0:00:00]} 48. Kc3 {[%emt 0:00:04]} Kxa5 {[%emt 0:00:01]} 49. Kxb3 {[%emt 0:00:01]} Kb5 {[%emt 0:00:01]} 50. Kc3 {[%emt 0:00:00]} Kc5 {[%emt 0:00:01]} 51. b4+ {[%emt 0:00:05]} 1-0

[Event "ESP-ch Rapid 2018"]
[Site "Linares"]
[Date "2018.08.19"]
[Round "8"]
[White "Sanchez Jimenez, Juan Carlos"]
[Black "Perdomo Araujo, Angel Eduardo"]
[Result "0-1"]
[WhiteElo "2228"]
[BlackElo "2100"]
[Annotator "NA"]
[PlyCount "33"]
[EventDate "2018.08.19"]
[EventType "team-tourn"]
[EventCountry "ESP"]
[SourceTitle "playchess.com"]
[Source "ChessBase"]
[SourceQuality "1"]
[TimeControl "900+5"]

1. d4 {[%emt 0:00:00]} Nf6 {[%emt 0:00:00]} 2. c4 {[%emt 0:00:00]} g6 {[%emt 0:00:00]} 3. Nc3 {[%emt 0:00:00]} d5 {[%emt 0:00:00]} 4. Nf3 {[%emt 0:00:01]} Bg7 {[%emt 0:00:00]} 5. Bf4 {[%emt 0:00:02]} O-O {[%emt 0:00:00]} 6. e3 {[%emt 0:00:01]} dxc4 {[%emt 0:00:08]} 7. Bxc4 {[%emt 0:00:02]} c6 {[%emt 0:00:01]} 8. O-O {[%emt 0:00:14]} Bg4 {[%emt 0:00:01]} 9. Be2 {[%emt 0:01:38]} Nbd7 {[%emt 0:00:03]} 10. Qb3 {[%emt 0:01:12]} Qb6 {[%emt 0:00:01]} 11. Qxb6 {[%emt 0:00:20]} axb6 {[%emt 0:00:07]} 12. h3 {[%emt 0:00:30]} Bxf3 {[%emt 0:00:35]} 13. Bxf3 {[%emt 0:00:28]} b5 {[%emt 0:00:01]} 14. a3 {[%emt 0:02:48]} Ra7 {[%emt 0:00:07]} 15. Rac1 {[%emt 0:00:35]} Re8 {[%emt 0:00:06]} 16. Rc2 {[%emt 0:00:13]} e5 {[%emt 0:00:03]} 17. dxe5 {[%emt 0:00:06]} 0-1

[Event "ESP-ch Rapid 2018"]
[Site "Linares"]
[Date "2018.08.19"]
[Round "8"]
[White "Alvarez Serrano, Carlos"]
[Black "Collado Barbas, Laura"]
[Result "0-1"]
[WhiteElo "2225"]
[BlackElo "2095"]
[Annotator "NA"]
[PlyCount "46"]
[EventDate "2018.08.19"]
[EventType "team-tourn"]
[EventCountry "ESP"]
[SourceTitle "playchess.com"]
[Source "ChessBase"]
[SourceQuality "1"]
[TimeControl "900+5"]

1. d4 {[%emt 0:00:00]} d5 {[%emt 0:00:00]} 2. Nf3 {[%emt 0:00:00]} c6 {[%emt 0:00:07]} 3. c4 {[%emt 0:00:01]} e6 {[%emt 0:00:01]} 4. e3 {[%emt 0:00:06]} f5 {[%emt 0:00:52]} 5. b3 {[%emt 0:00:03]} Bb4+ {[%emt 0:00:17]} 6. Bd2 {[%emt 0:00:06]} Bd6 {[%emt 0:00:05]} 7. Bc3 {[%emt 0:00:29]} Nh6 {[%emt 0:00:11]} 8. Bd3 {[%emt 0:00:11]} O-O {[%emt 0:00:07]} 9. Ne5 {[%emt 0:00:05]} Qg5 {[%emt 0:00:46]} 10. Qf3 {[%emt 0:00:47]} Nd7 {[%emt 0:00:53]} 11. h4 {[%emt 0:00:02]} Qf6 {[%emt 0:00:04]} 12. Qg3 {[%emt 0:00:45]} f4 {[%emt 0:00:31]} 13. exf4 {[%emt 0:00:05]} Qxf4 {[%emt 0:00:11]} 14. Qxf4 {[%emt 0:00:14]} Rxf4 {[%emt 0:00:03]} 15. g3 {[%emt 0:00:02]} Rf8 {[%emt 0:02:03]} 16. Nxd7 {[%emt 0:00:05]} Bxd7 {[%emt 0:00:02]} 17. c5 {[%emt 0:00:01]} Bc7 {[%emt 0:00:07]} 18. f4 {[%emt 0:00:01]} b6 {[%emt 0:00:27]} 19. b4 {[%emt 0:00:04]} a5 {[%emt 0:00:04]} 20. Nd2 {[%emt 0:00:54]} axb4 {[%emt 0:00:04]} 21. Bxb4 {[%emt 0:00:02]} bxc5 {[%emt 0:00:05]} 22. Bxc5 {[%emt 0:00:01]} Rfb8 {[%emt 0:00:01]} 23. Nb3 {[%emt 0:00:14]} Rxb3 {[%emt 0:00:07]} 0-1

[Event "ESP-ch Rapid 2018"]
[Site "Linares"]
[Date "2018.08.19"]
[Round "8"]
[White "Vinuela Diaz, Saul"]
[Black "Hernandez Perez, Juan Carlos"]
[Result "1-0"]
[WhiteElo "2216"]
[BlackElo "1946"]
[Annotator "NA"]
[PlyCount "99"]
[EventDate "2018.08.19"]
[EventType "team-tourn"]
[EventCountry "ESP"]
[SourceTitle "playchess.com"]
[Source "ChessBase"]
[SourceQuality "1"]
[TimeControl "900+5"]

1. Nf3 {[%emt 0:00:00]} Nf6 {[%emt 0:00:00]} 2. c4 {[%emt 0:00:00]} e6 {[%emt 0:00:00]} 3. d4 {[%emt 0:00:00]} d5 {[%emt 0:00:02]} 4. g3 {[%emt 0:00:01]} Be7 {[%emt 0:00:02]} 5. Bg2 {[%emt 0:00:02]} O-O {[%emt 0:00:03]} 6. O-O {[%emt 0:00:02]} Nbd7 {[%emt 0:00:38]} 7. Qc2 {[%emt 0:00:24]} c6 {[%emt 0:00:50]} 8. Nbd2 {[%emt 0:00:05]} Nb6 {[%emt 0:00:10]} 9. b3 {[%emt 0:00:17]} a5 {[%emt 0:00:59]} 10. e4 {[%emt 0:00:19]} dxe4 {[%emt 0:01:00]} 11. Nxe4 {[%emt 0:00:02]} Nxe4 {[%emt 0:00:18]} 12. Qxe4 {[%emt 0:00:02]} Bf6 {[%emt 0:00:11]} 13. Bf4 {[%emt 0:00:26]} a4 {[%emt 0:00:15]} 14. Rab1 {[%emt 0:00:43]} Nd7 {[%emt 0:00:51]} 15. Qc2 {[%emt 0:00:35]} axb3 {[%emt 0:00:21]} 16. axb3 {[%emt 0:00:01]} Qb6 {[%emt 0:00:37]} 17. Rfd1 {[%emt 0:00:12]} Re8 {[%emt 0:01:12]} 18. c5 {[%emt 0:00:28]} Qb4 {[%emt 0:00:49]} 19. Bd2 {[%emt 0:00:37]} Qa3 {[%emt 0:00:32]} 20. Bc3 {[%emt 0:00:29]} Qa7 {[%emt 0:01:02]} 21. b4 {[%emt 0:00:25]} b6 {[%emt 0:00:58]} 22. b5 {[%emt 0:00:38]} bxc5 {[%emt 0:01:07]} 23. bxc6 {[%emt 0:00:03]} Nb6 {[%emt 0:00:19]} 24. dxc5 {[%emt 0:00:32]} Nd5 {[%emt 0:00:13]} 25. Bxf6 {[%emt 0:00:02]} Nxf6 {[%emt 0:00:07]} 26. Nd4 {[%emt 0:00:42]} Ba6 {[%emt 0:01:23]} 27. Rb6 {[%emt 0:00:54]} Rab8 {[%emt 0:00:52]} 28. Rdb1 {[%emt 0:01:04]} Rec8 {[%emt 0:00:26]} 29. Qa4 {[%emt 0:00:29]} Ra8 {[%emt 0:00:09]} 30. c7 {[%emt 0:00:28]} Nd5 {[%emt 0:00:01]} 31. Bxd5 {[%emt 0:01:17]} exd5 {[%emt 0:00:02]} 32. Rxa6 {[%emt 0:01:55]} Qxa6 {[%emt 0:00:08]} 33. Qxa6 {[%emt 0:00:01]} Rxa6 {[%emt 0:00:01]} 34. Rb8 {[%emt 0:00:01]} Ra8 {[%emt 0:00:02]} 35. Rxa8 {[%emt 0:00:01]} Rxa8 {[%emt 0:00:01]} 36. Nc6 {[%emt 0:00:01]} Kf8 {[%emt 0:01:27]} 37. Na7 {[%emt 0:00:02]} d4 {[%emt 0:00:02]} 38. c8=Q+ {[%emt 0:00:06]} Rxc8 {[%emt 0:00:01]} 39. Nxc8 {[%emt 0:00:01]} Ke8 {[%emt 0:00:02]} 40. Nb6 {[%emt 0:00:06]} Kd8 {[%emt 0:00:03]} 41. Kf1 {[%emt 0:00:03]} Kc7 {[%emt 0:00:01]} 42. Ke2 {[%emt 0:00:03]} Kc6 {[%emt 0:00:01]} 43. Na4 {[%emt 0:00:01]} Kd5 {[%emt 0:00:02]} 44. Kd3 {[%emt 0:00:02]} f5 {[%emt 0:00:04]} 45. h4 {[%emt 0:00:35]} g6 {[%emt 0:00:06]} 46. f3 {[%emt 0:00:05]} h6 {[%emt 0:00:02]} 47. f4 {[%emt 0:00:02]} h5 {[%emt 0:00:06]} 48. c6 {[%emt 0:00:02]} Kxc6 {[%emt 0:00:02]} 49. Kxd4 {[%emt 0:00:01]} Kd6 {[%emt 0:00:02]} 50. Nc5 {[%emt 0:00:03] Kd5+ Ke4+} 1-0

[Event "ESP-ch Rapid 2018"]
[Site "Linares"]
[Date "2018.08.19"]
[Round "8"]
[White "Fernandez De Bobadilla, Gabriel"]
[Black "Fernandez Diaz, Ignacio"]
[Result "1-0"]
[WhiteElo "2175"]
[BlackElo "2071"]
[Annotator "NA"]
[PlyCount "59"]
[EventDate "2018.08.19"]
[EventType "team-tourn"]
[EventCountry "ESP"]
[SourceTitle "playchess.com"]
[Source "ChessBase"]
[SourceQuality "1"]
[TimeControl "900+5"]

1. d4 {[%emt 0:00:00]} f5 {[%emt 0:00:00]} 2. Bg5 {[%emt 0:00:04]} c6 {[%emt 0:00:22]} 3. e3 {[%emt 0:01:01]} Qb6 {[%emt 0:00:07]} 4. Nd2 {[%emt 0:00:21]} d5 {[%emt 0:00:39]} 5. Rb1 {[%emt 0:00:17]} Nd7 {[%emt 0:00:26]} 6. Bd3 {[%emt 0:00:06]} e6 {[%emt 0:00:02]} 7. Qh5+ {[%emt 0:00:22]} g6 {[%emt 0:00:15]} 8. Qe2 {[%emt 0:00:03]} Ngf6 {[%emt 0:00:21]} 9. h4 {[%emt 0:00:11]} h6 {[%emt 0:00:24]} 10. Bf4 {[%emt 0:00:07]} Bg7 {[%emt 0:00:04]} 11. Ngf3 {[%emt 0:00:29]} Ne4 {[%emt 0:00:29]} 12. c3 {[%emt 0:03:31]} Qd8 {[%emt 0:00:19]} 13. Bxe4 {[%emt 0:01:36]} fxe4 {[%emt 0:01:11]} 14. Ne5 {[%emt 0:00:19]} Bxe5 {[%emt 0:00:47]} 15. Bxe5 {[%emt 0:00:27]} Nxe5 {[%emt 0:00:03]} 16. dxe5 {[%emt 0:00:02]} Qc7 {[%emt 0:00:34]} 17. Qg4 {[%emt 0:00:07]} Qf7 {[%emt 0:00:04]} 18. f4 {[%emt 0:02:15]} exf3 {[%emt 0:01:55]} 19. O-O {[%emt 0:00:17]} Bd7 {[%emt 0:02:03]} 20. Rxf3 {[%emt 0:00:09]} Qg7 {[%emt 0:00:10]} 21. Rf6 {[%emt 0:00:03]} O-O-O {[%emt 0:01:08]} 22. Rbf1 {[%emt 0:00:22]} Rdf8 {[%emt 0:01:26]} 23. Qd4 {[%emt 0:00:26]} Kb8 {[%emt 0:00:15]} 24. Qf4 {[%emt 0:00:07]} Rd8 {[%emt 0:00:42]} 25. Rf7 {[%emt 0:00:04]} Qg8 {[%emt 0:00:02]} 26. Nb3 {[%emt 0:00:40]} g5 {[%emt 0:00:17]} 27. Qb4 {[%emt 0:00:30]} Bc8 {[%emt 0:00:17]} 28. Na5 {[%emt 0:00:15]} Ka8 {[%emt 0:01:32]} 29. Nxb7 {[%emt 0:00:52]} Rh7 {[%emt 0:00:09]} 30. Nxd8 {[%emt 0:00:05]} 1-0

[Event "ESP-ch Rapid 2018"]
[Site "Linares"]
[Date "2018.08.19"]
[Round "8"]
[White "Salvador Lopez, Daniel"]
[Black "Domingo Nunez, Alejandro"]
[Result "0-1"]
[WhiteElo "2162"]
[BlackElo "2373"]
[Annotator "NA"]
[PlyCount "90"]
[EventDate "2018.08.19"]
[EventType "team-tourn"]
[EventCountry "ESP"]
[SourceTitle "playchess.com"]
[Source "ChessBase"]
[SourceQuality "1"]
[TimeControl "900+5"]

1. d4 {[%emt 0:00:00]} Nf6 {[%emt 0:00:00]} 2. Bg5 {[%emt 0:00:00]} c5 {[%emt 0:00:12]} 3. d5 {[%emt 0:00:01]} Qb6 {[%emt 0:00:00]} 4. Nc3 {[%emt 0:00:03]} Qxb2 {[%emt 0:00:21]} 5. Bd2 {[%emt 0:00:01]} Qb6 {[%emt 0:00:09]} 6. e4 {[%emt 0:00:02]} d6 {[%emt 0:00:01]} 7. f4 {[%emt 0:00:03]} Nfd7 {[%emt 0:00:11]} 8. Nf3 {[%emt 0:00:31]} Qd8 {[%emt 0:00:53]} 9. e5 {[%emt 0:00:20]} Nb6 {[%emt 0:00:11]} 10. Bb5+ {[%emt 0:00:15]} Bd7 {[%emt 0:00:45]} 11. e6 {[%emt 0:00:16]} Bxb5 {[%emt 0:00:23]} 12. exf7+ Kd7 13. Nxb5 {[%emt 0:00:30]} Nxd5 {[%emt 0:00:03]} 14. c4 {[%emt 0:00:46]} Nf6 {[%emt 0:00:01]} 15. Bc3 {[%emt 0:00:32]} Kc8 {[%emt 0:00:00]} 16. O-O {[%emt 0:00:17]} a6 {[%emt 0:00:04]} 17. Bxf6 {[%emt 0:00:38]} gxf6 {[%emt 0:00:34]} 18. Nc3 {[%emt 0:00:17]} Nc6 {[%emt 0:00:23]} 19. Rb1 {[%emt 0:00:08]} Rb8 {[%emt 0:03:42]} 20. Nd5 {[%emt 0:01:00]} b5 {[%emt 0:00:15]} 21. cxb5 {[%emt 0:00:37]} axb5 {[%emt 0:00:04]} 22. a4 {[%emt 0:00:01]} b4 {[%emt 0:00:05]} 23. Qd3 {[%emt 0:00:18]} e6 {[%emt 0:00:42]} 24. Ne3 {[%emt 0:00:23]} Bh6 {[%emt 0:00:28]} 25. g3 {[%emt 0:00:59]} Qe7 {[%emt 0:02:07]} 26. Rfe1 {[%emt 0:00:29]} Qd7 {[%emt 0:00:19]} 27. Red1 {[%emt 0:01:07]} Kc7 {[%emt 0:00:18]} 28. Rbc1 {[%emt 0:01:15]} Qe7 {[%emt 0:01:20]} 29. Nh4 {[%emt 0:01:16]} Bf8 {[%emt 0:02:56]} 30. Nhf5 {[%emt 0:00:55]} Qd8 {[%emt 0:00:04]} 31. Nh4 {[%emt 0:01:15]} f5 {[%emt 0:00:06]} 32. Nhxf5 {[%emt 0:00:57]} exf5 {[%emt 0:00:01]} 33. Nd5+ {[%emt 0:00:01]} Kc8 {[%emt 0:00:00]} 34. Qxf5+ {[%emt 0:00:08]} Kb7 {[%emt 0:00:08]} 35. Qd3 {[%emt 0:00:30]} Ka7 {[%emt 0:00:01]} 36. Re1 {[%emt 0:00:23]} Bg7 {[%emt 0:00:14]} 37. Re8 {[%emt 0:00:27]} Qd7 {[%emt 0:00:54]} 38. Rxh8 {[%emt 0:00:02]} Bxh8 {[%emt 0:00:01]} 39. Qxh7 {[%emt 0:00:11]} Bd4+ {[%emt 0:00:00]} 40. Kg2 {[%emt 0:00:09]} Rb7 {[%emt 0:00:04]} 41. Qe4 {[%emt 0:00:53]} Qxf7 {[%emt 0:00:03]} 42. a5 {[%emt 0:00:03]} Ne7 {[%emt 0:00:14]} 43. a6 {[%emt 0:00:08]} Kxa6 {[%emt 0:00:06]} 44. Qd3+ {[%emt 0:00:04]} Ka7 {[%emt 0:00:08]} 45. Qc4 {[%emt 0:00:05]} Qxd5+ {[%emt 0:00:01]} 0-1

[Event "ESP-ch Rapid 2018"]
[Site "Linares"]
[Date "2018.08.19"]
[Round "8"]
[White "Cuevas Fernandez, Jose Alberto"]
[Black "Ordonez Torres, Jesus"]
[Result "0-1"]
[WhiteElo "2147"]
[BlackElo "1989"]
[Annotator "NA"]
[PlyCount "64"]
[EventDate "2018.08.19"]
[EventType "team-tourn"]
[EventCountry "ESP"]
[SourceTitle "playchess.com"]
[Source "ChessBase"]
[SourceQuality "1"]
[TimeControl "900+5"]

1. d4 {[%emt 0:00:00]} Nf6 {[%emt 0:00:00]} 2. c4 {[%emt 0:00:00]} g6 {[%emt 0:00:00]} 3. Nc3 {[%emt 0:00:00]} Bg7 {[%emt 0:00:00]} 4. e4 {[%emt 0:00:00]} d6 {[%emt 0:00:01]} 5. Nf3 {[%emt 0:00:02]} O-O {[%emt 0:00:04]} 6. h3 {[%emt 0:00:01]} e5 {[%emt 0:00:20]} 7. d5 {[%emt 0:00:02]} a5 {[%emt 0:00:15]} 8. g4 {[%emt 0:00:03]} Na6 {[%emt 0:00:09]} 9. Be3 {[%emt 0:00:03]} Nd7 {[%emt 0:00:16]} 10. Rg1 {[%emt 0:00:02]} Ndc5 {[%emt 0:00:39]} 11. Qd2 {[%emt 0:00:04]} Bd7 {[%emt 0:02:17]} 12. Bh6 {[%emt 0:00:25]} Nb4 {[%emt 0:00:41]} 13. O-O-O {[%emt 0:00:27]} Nxa2+ {[%emt 0:00:15]} 14. Kb1 {[%emt 0:00:09]} Nxc3+ {[%emt 0:00:13]} 15. bxc3 {[%emt 0:00:02]} Nxe4 {[%emt 0:00:17]} 16. Qe3 {[%emt 0:00:01]} Nxc3+ {[%emt 0:00:20]} 17. Kc1 {[%emt 0:00:02]} Nxd1 {[%emt 0:00:36]} 18. Kxd1 {[%emt 0:00:01]} e4 {[%emt 0:00:20]} 19. Bxg7 {[%emt 0:00:07]} Kxg7 {[%emt 0:00:14]} 20. Ng5 {[%emt 0:00:02]} Qf6 {[%emt 0:00:21]} 21. h4 {[%emt 0:00:10]} Qa1+ {[%emt 0:00:35]} 22. Kd2 {[%emt 0:00:02]} Qb2+ {[%emt 0:00:03]} 23. Ke1 {[%emt 0:00:01]} Qb1+ {[%emt 0:00:07]} 24. Kd2 {[%emt 0:00:01]} Qb4+ {[%emt 0:00:34]} 25. Kc1 {[%emt 0:00:03]} f6 {[%emt 0:00:40]} 26. Qd4 {[%emt 0:00:08]} Qa3+ {[%emt 0:00:21]} 27. Kd2 {[%emt 0:00:02]} Qa2+ {[%emt 0:00:20]} 28. Ke1 {[%emt 0:00:03]} Qb1+ {[%emt 0:00:52]} 29. Kd2 {[%emt 0:00:01]} Ra6 {[%emt 0:00:35]} 30. h5 {[%emt 0:00:03]} Rb6 {[%emt 0:00:15]} 31. Ke3 {[%emt 0:00:27]} Qc1+ {[%emt 0:00:13]} 32. Kxe4 {[%emt 0:00:02]} Qxg5 0-1